| 000 | 00430cam a2200181 4500 | ||
|---|---|---|---|
| 001 | D11942 | ||
| 008 | 090401t1927 xxu||||| |||| 00| 0 eng d | ||
| 035 | _a(Sirsi) u340 | ||
| 041 | _aeng | ||
| 110 |
_aAir Survey Committee _93065 |
||
| 245 | _aStereoscopic examination of air photographs | ||
| 260 |
_aLondon _bHMSO _c1927 |
||
| 350 | _a0 | ||
| 520 | _aShelf 176 | ||
| 700 | 1 | _aHotine, M. | |
| 942 | _n0 | ||
| 948 | _c04/03/1997 | ||
| 999 |
_c85532 _d85532 |
||